000 00724nam a2200217 a 4500
001 000027062
003 DO-SdBNP
005 20240529114820.0
008 110329s1951 ag 001 j spa d
040 _aDO-SdBNP
_bspa
_cBNPHU
082 4 _aRD863.44
_bC117v
_222
100 1 _aCabral, Manuel del,
_d1907-1999
_923556
245 1 0 _aVeinte cuentos /
_cManuel del Cabral ; compilados por Miguel Román Pérez.
260 _aBuenos Aires, Argentina :
_bTalleres Gráficos Américalee,
_c1951.
300 _a110 p. ;
_c21 cm.
650 0 _aCuentos dominicanos
_9176
650 0 _aLiteratura dominicana.
_967
700 1 _aRoman Pérez, Miguel,
_ecomp.
_954147
910 _aValidado. Control de calidad EMS
942 _2ddc
_cLBS1
999 _c26554
_d26554